Yoksulluğun bulunmadığı bir dünyaya doğru (Record no. 8936)

MARC details
000 -BAŞLIK
Sabit Uzunlukta Kontrol Alanı 00897na a2200289 4500
001 - KONTROL NUMARASI
Denetim Alanı 14097
003 - KONTROL NUMARASI IDENTIFIER
Denetim Alanı MIRAKIL
005 - SON İŞLEM TARİHİ VE ZAMANI
Denetim Alanı 20181213155228.0
008 - SABİT-BOY VERİ ELEMANLARI - GENEL BİLGİLER
Sabit Uzunlukta Kontrol Alanı 161101b tu 000 0
020 ## - ULUSLARARASI STANDART KİTAP NUMARASI
Uluslararası Standart Kitap Numarası 9756817240
035 ## - SİSTEM KONTROL NUMARASI
Sistem Kontrol Numarası 14097
040 ## - KATALOGLAMA KAYNAK
Orijinal Kataloglama Ajansı Milas
Kataloglama Dili tur
Metne Dönüştürmek Ajansı TR-AnCHP
041 ## - DİL KODU
Metin / Ses Parça Veya Ayrı Başlığın Dil Kodu tur
082 ## - DEWEY ONLU SINIFLANDIRMA NUMARASI
Sınıflandırma Numarası 923.33 Yunus,M.
Ürün Numarası Y85y 2003
090 ## - SINIFLAMA NUMARASI
Sınıflama Numarası 923.33 Yunus,M. Y85y 2003
100 ## - ANA GİRİŞ - KİŞİSEL İSİM
Kişisel Ad Yunus, Muhammed
245 ## - BAŞLIK TABLOSU
Başlık Yoksulluğun bulunmadığı bir dünyaya doğru
Sorumluluk Tablosu, Vb Muhammed Yunus;çeviren Gülden Şen
260 ## - YAYIN, DAĞITIM, VB
Yayın, Dağıtım, Vb Yeri İstanbul
Yayıncı, Dağıtıcı, Vs Adı Doğan Kitap
Yayın, Dağıtım, Vb Tarihi 2003
300 ## - FİZİKSEL TANIM
Kapsam 365 s.
Boyutlar 22 sm.
500 ## - GENEL NOT
Genel Not Özgün yapıt adı: Towards a poverty-free world
600 ## - KONU KATMA GİRİŞ - KURUMSAL ADI
Kişisel Ad Yunus, Muhammed
Başlıklar Ve Bir Adla İlişkili Diğer Kelimeler Ekonomist
Genel Alt Bölümü Anılar
610 ## - KONU KATMA GİRİŞ - TOPLANTI ADI
Giriş Elemanı Olarak Kurumsal Ad Veya Yargı Alanı Adı Grameen Bankası
Coğrafi Alt Bölüm Bangladeş
650 ## - KONU KATMA GİRİŞ - TOPİKAL DÖNEM
Topikal Süreli Veya Coğrafi Ad Giriş Elemanı Bankalar ve bankacılık
Genel Alt Bölümü Tarih
Coğrafi Alt Bölümü Bangladeş
651 ## - KONU KATMA GİRİŞ - COĞRAFİ ADI
Coğrafi İsim Bangladeş
Genel Alt Bölümü Ekonomik durum
700 ## - KATMA GİRİŞ - KİŞİSEL İSİM
Kişisel Ad Şen, Gülden
942 ## - EKLENDİ GİRİŞ ELEMANLARI (KOHA)
Sınıflandırma Veya Raf Düzeni Kaynak Dewey Decimal Classification
Koha Öğesi Türü Books
999 ## - SİSTEM KONTROL NUMARALARI (KOHA)
Koha Biblionumber 8936
Koha Biblioitemnumber 8936
Holdings
Kalıcı Konum Mevcut Konum Edinme Tarihi Edinim Kaynak Toplam Check-Out'Lar Tam Çağrı Numarası Barkod Tarih Son Görülme İtibaren Geçerli Fiyatlar Koha Öğesi Türü
CHP Kütüphanesi CHP Kütüphanesi 08/24/2016 Bağış   923.33 Yunus,M. Y85y 2003 001934 08/24/2016 08/24/2016 Books